Normal view
MARC view
Entry Topical Term
001 - CONTROL NUMBER
- control field: 435546
003 - CONTROL NUMBER IDENTIFIER
- control field:
005 - DATE AND TIME OF LATEST TRANSACTION
- control field: 20210602125248.0
008 - FIXED-LENGTH DATA ELEMENTS
- fixed length control field: 210602|| aca||aabn | a|a d
040 ## - CATALOGING SOURCE
- Original cataloging agency:
- Transcribing agency:
150 ## - HEADING--TOPICAL TERM
- Topical term or geographic name entry element: Woody plants
- Geographic subdivision: Ghana
670 ## - SOURCE DATA FOUND
- Source citation: Work cat.: (): Irvine, Frederick Robert 435544, Woody plants of Ghana /, 1961
